Normal view MARC view

Entry Personal Name

Number of records used in: 2

001 - CONTROL NUMBER

  • control field: 9778

003 - CONTROL NUMBER IDENTIFIER

  • control field: OSt

005 - DATE AND TIME OF LATEST TRANSACTION

  • control field: 20211105133159.0

008 - FIXED-LENGTH DATA ELEMENTS

  • fixed length control field: 211105|| aca||aabn | a|a d

040 ## - CATALOGING SOURCE

  • Original cataloging agency: OSt
  • Transcribing agency: OSt

100 ## - HEADING--PERSONAL NAME

  • Personal name: Friedjung, M., ed

670 ## - SOURCE DATA FOUND

  • Source citation: Work cat.: (OSt): Summer Advanced Study institute on Atmospheres of Earth and the Planets Paris, France 1976 Sep. 7-9 9777, Novae and related stars, 1977

Powered by Koha